Mould fouling of EPDM rubber compounds (Record no. 63301)

MARC details
000 -LEADER
fixed length control field 00370nam a2200145Ia 4500
100 ## - MAIN ENTRY--AUTHOR NAME
Personal name Bukhina M F
245 #0 - TITLE STATEMENT
Title Mould fouling of EPDM rubber compounds
260 ## - PUBLICATION, DISTRIBUTION, ETC. (IMPRINT)
Name of publisher Kautschuk Gummi Kunststoffe
Year of publication 2003
300 ## - PHYSICAL DESCRIPTION
Number of Pages 172-183
650 ## - SUBJECT ADDED ENTRY--TOPICAL TERM
Topical Term EPDM rubber
650 ## - SUBJECT ADDED ENTRY--TOPICAL TERM
Topical Term Mould fouling
700 ## - ADDED ENTRY--PERSONAL NAME
Personal name Morozov Y L
942 ## - ADDED ENTRY ELEMENTS (KOHA)
Koha item type Journals
Holdings
Withdrawn status Lost status Damaged status Not for loan Home library Current library Shelving location Date acquired Serial Enumeration / chronology Koha item type
      Journals RRII Library RRII Library Rubber chemistry 17/12/2021 Volume 56, Issue 4 Journals